Normal view MARC view
  • Martín, Manuel José,

Entry Nom personal

Number of records used in: 1

001 - NÚMERO DE CONTROL

  • campo de control: 169201

003 - IDENTIFICADOR DEL NÚMERO DE CONTROL

  • campo de control: ES-BaIT

005 - FECHA Y HORA DE LA ÚLTIMA TRANSACCIÓN

  • campo de control: 20260401101923.0

008 - DATOS DE LONGITUD FIJA

  • campo de control de longitud fija: 260401|| aca||aabn | a|a d

024 7# - IDENTIFICADOR DE OTROS ESTÁNDARES

  • Número estándar o código: 39411325
  • Fuente: viaf
  • URI de un objeto del mundo real: http://viaf.org/viaf/39411325

040 ## - FUENTE DE LA CATALOGACIÓN

  • Centro catalogador/agencia de origen: ES-BaIT

100 1# - ENCABEZAMIENTO-NOMBRE DE PERSONA

  • Nombre de persona: Martín, Manuel José,
  • Fechas asociadas al nombre: actiu 1759-1785

370 ## - LUGAR ASOCIADO

  • Lugar de nacimiento: $$f $$e $$2 $$s 1759 $$t 1785
  • País asociado: Espanya
  • Otro lugar asociado: Madrid (Comunitat autònoma)
  • Lugar de residencia/sede: Madrid (Madrid)
  • Fuente del término: cantic
  • Período de inicio: 1759
  • Fin de período: 1785

372 ## - CAMPO DE ACTIVIDAD

  • Campo de actividad: Impremta

373 ## - GRUPO ASOCIADO

  • Grupo asociado: Impressors

375 ## - GÉNERO/SEXO

  • Género/Sexo: masculí

400 1# - TRAZADO DE VÉASE--NOMBRE DE PERSONA

  • Nombre de persona: Martín, Manuel,
  • Fechas asociadas al nombre: actiu 1759-1785

400 1# - TRAZADO DE VÉASE--NOMBRE DE PERSONA

  • Nombre de persona: Martín, Manuel Joseph,
  • Fechas asociadas al nombre: actiu 1759-1785

400 1# - TRAZADO DE VÉASE--NOMBRE DE PERSONA

  • Nombre de persona: Martín, Manuel,
  • Fechas asociadas al nombre: s. XVIII

400 1# - TRAZADO DE VÉASE--NOMBRE DE PERSONA

  • Nombre de persona: Martín, Manuel

400 1# - TRAZADO DE VÉASE--NOMBRE DE PERSONA

  • Nombre de persona: Martín, Manuel Joseph

400 1# - TRAZADO DE VÉASE--NOMBRE DE PERSONA

  • Nombre de persona: Martín, Manuel Jose

400 1# - TRAZADO DE VÉASE--NOMBRE DE PERSONA

  • Nombre de persona: Martín, Manuel José,
  • Fechas asociadas al nombre: fl. 1759-1785

670 ## - FUENTE DE DATOS ENCONTRADOS

  • Cita de la fuente: BNE/A, 9 jul. 2015
  • Información encontrada: (enc.: Martín, Manuel José, fl. 1759 ; altra inf.: autor y ejerció como impresor y librero desde 1759 hasta 1785)

856 4# - LOCALIZACIÓN Y ACCESO ELECTRÓNICOS

  • Nota pública: Marca: Monograma amb corona
  • Nota pública: Nota: Zappella, 738, 736
  • Información sobre la compresión: monograma, corona
  • Identificador Uniforme del Recurso: https://marques.crai.ub.edu/iiif/0025212b/full/max/0/default.jpg $$x 991016053939706706 $$5 ES-BaUB

Powered by Koha